| 000 | 00605nam a2200205Ia 4500 | ||
|---|---|---|---|
| 003 | OSt | ||
| 005 | 20251014164112.0 | ||
| 008 | 220917b |||||||| |||| 00| 0 eng d | ||
| 037 | _cTB | ||
| 040 |
_aARTS _cARTS _beng |
||
| 041 |
_2eng _aeng |
||
| 084 |
_aO152,1J32:g (R65,6) N4 _qAL |
||
| 100 |
_atSu] #fDe.kh _9144744 |
||
| 245 | 0 | _arqylh lkfgR; ij JhenHkkxor dk izHkko | |
| 260 |
_afnYyh] _bfnYyh fo'ofo/kky;] Hkkjr _c1994 |
||
| 300 |
_a275i` _ccm. |
||
| 650 |
_afgUnh lkfgR; _9848287 |
||
| 942 |
_hO152,1J32:g(R65,6), N4 _cTB _2CC _n0 |
||
| 999 |
_c277271 _d277271 |
||